Convención sobre diversidad biológica: temas decisivos para Latinoamerica (Registro nro. 10144)

Detalles MARC
000 -CABECERA
Campo de control 005220000a22001690004500
090 ## - CLASIFICACIÓN LOCAL
Colección AR
Consecutivo 01056
041 0# - IDIOMA
Código de idioma para texto/pista de sonido o título separado
100 1# - ASIENTO PRINCIPAL--NOMBRE PERSONAL
Nombre personal McNeely, Jeffrey A.
245 10 - MENCION DE TITULO
Título Convención sobre diversidad biológica: temas decisivos para Latinoamerica
650 14 - ASIENTO SECUNDARIO DE MATERIA - TERMINO TEMATICO
Término temático o nombre geográfico como elemento de entrada Biodiversidad
650 14 - ASIENTO SECUNDARIO DE MATERIA - TERMINO TEMATICO
Término temático o nombre geográfico como elemento de entrada Conservación de biodiversidad
650 14 - ASIENTO SECUNDARIO DE MATERIA - TERMINO TEMATICO
Término temático o nombre geográfico como elemento de entrada Convenios internacionales
700 1# - ASIENTO SECUNDARIO - NOMBRE PERSONAL
Nombre personal Rojas U., Martha
700 1# - ASIENTO SECUNDARIO - NOMBRE PERSONAL
Nombre personal Martinet, Carolina
773 1# - Item fuente:
Título Preprint
Especificación de materiales 3
Paginas del Articulo 1-14
Lugar, editorial y fecha de publicación 1995?
942 ## - ELEMENTOS ADICIONALES (KOHA)
Tipo de ítem Artículo
Existencias
Withdrawn status Lost status Damaged status No para préstamo Colección Ubicación Permanente Ubicación actual Fecha de adquisición Datos de publicación Seriada Total Checkouts Número topográfico Inventario / Código de Barras Date last seen Ejemplar Price effective from Forma de adquisición Tipo de material
      No para Préstamo Hemeroteca Bogotá Bogotá 27/02/2015 Fuera de circulación   AR 01056 011374 25/03/2015 1 25/03/2015   Artículo